000
00249 a2200085 4500
020
_a
9788195320882
100
_a
Ramachandran, M
245
_a
Urban Mobility Solutions for Developing Countries : The Indian Experience
260
_b
Ghaziabad: Copal;
_c
2022
999
_c
13158
_d
13158